[Event "Bad Woerishofen op"]
[Site "?"]
[Date "2006.03.25"]
[Round "9"]
[White "Starostits, Ilmars"]
[Black "Halkias, Stelios"]
[Result "1/2-1/2"]
[WhiteElo "2493"]
[BlackElo "2528"]
[PlyCount "59"]
[EventDate "2006.??.??"]

1. e4 c5 2. Nf3 Nc6 3. Bb5 d6 4. O-O Bd7 5. c3 Nf6 6. Re1 a6 7. Bxc6 Bxc6 8. d4
Bxe4 9. Bg5 Bd5 10. Nbd2 e6 11. c4 Bxf3 12. Qxf3 cxd4 13. Qxb7 Be7 14. Qc6+ Kf8
15. Nb3 h6 16. Bh4 Qc8 17. Qf3 Ra7 18. Nxd4 Rc7 19. b3 Qb7 20. Qd3 Kg8 21. Rad1
h5 22. h3 Rd7 23. Ne2 Ne8 24. Bxe7 Rxe7 25. h4 Rh6 26. Nf4 Qc6 27. Nd5 Rb7 28.
Qd4 Kf8 29. Nc3 Rc7 30. Rd3 1/2-1/2

[Event "Bad Woerishofen sen"]
[Site "?"]
[Date "2006.03.25"]
[Round "9"]
[White "Goy, Udo"]
[Black "Villing, Dieter"]
[Result "1-0"]
[WhiteElo "2254"]
[BlackElo "2261"]
[PlyCount "75"]
[EventDate "2006.??.??"]

1. d4 d6 2. Nf3 Bg4 3. e4 Nf6 4. Nc3 e6 5. Be2 Be7 6. Be3 c6 7. h3 Bh5 8. a4
Na6 9. O-O O-O 10. Re1 Nb4 11. Nd2 Bxe2 12. Rxe2 d5 13. e5 Nd7 14. Nf3 Rc8 15.
Qd2 c5 16. dxc5 Nxc5 17. Qd4 Nc6 18. Qg4 Kh8 19. Qh5 Qe8 20. Qg4 Nd7 21. Bf4 a6
22. Rd1 Nc5 23. Bg5 f5 24. exf6 gxf6 25. Be3 Rg8 26. Qf4 e5 27. Qf5 d4 28. Nxd4
exd4 29. Bxd4 Qg6 30. Qf3 Nxd4 31. Rxd4 Bf8 32. Nd5 Rc6 33. Rf4 Nd7 34. g3 Ne5
35. Rxe5 fxe5 36. Rxf8 Rxf8 37. Qxf8+ Qg8 38. Qxg8+ 1-0

[Event "Bad Woerishofen op"]
[Site "?"]
[Date "2006.03.25"]
[Round "9"]
[White "Rau, Hannes"]
[Black "Stark, Lars"]
[Result "1/2-1/2"]
[WhiteElo "2425"]
[BlackElo "2366"]
[PlyCount "161"]
[EventDate "2006.??.??"]

1. d4 Nf6 2. Nf3 e6 3. c4 Nc6 4. a3 d5 5. Nc3 g6 6. Bg5 Bg7 7. e3 O-O 8. Be2 h6
9. Bh4 Ne7 10. Bg3 Nh5 11. Be5 f6 12. Bg3 Nxg3 13. hxg3 c6 14. Qc2 f5 15. O-O
g5 16. Rfd1 Bd7 17. b4 g4 18. Ne1 h5 19. cxd5 Nxd5 20. Nxd5 cxd5 21. Nd3 Rc8
22. Qd2 h4 23. gxh4 Qxh4 24. g3 Qe7 25. Nf4 Kf7 26. Kg2 Rh8 27. Rh1 Rxh1 28.
Rxh1 Rh8 29. Rxh8 Bxh8 30. Qc2 Bg7 31. Qc7 Bc6 32. Qc8 Qe8 33. Qc7+ Qe7 34. Qb8
a6 35. Nh5 Bf6 36. Nxf6 Kxf6 37. Qe5+ Kf7 38. Qh8 Qf8 39. Qxf8+ Kxf8 40. f3
gxf3+ 41. Kxf3 Kf7 42. Kf4 Kf6 43. Bd3 Ba4 44. g4 fxg4 45. Kxg4 Bc6 46. Kh5 e5
47. Kh6 exd4 48. exd4 Bd7 49. Bf1 Bf5 50. a4 Bd7 51. a5 Be8 52. Bh3 Bc6 53. Bc8
Ke7 54. Kg5 Kd8 55. Be6 Ke7 56. Kf5 Kd6 57. Kf6 Be8 58. Bc8 Bc6 59. Bg4 Be8 60.
Bf5 Ba4 61. Kf7 Bb5 62. Kf8 Ba4 63. Bg6 Bb5 64. Bh5 Ba4 65. Bg6 Bb5 66. Be8 Be2
67. Ba4 Bh5 68. Bc2 Kd7 69. Bf5+ Kc6 70. Bd3 Kd7 71. Bf1 Kd6 72. Bd3 Kd7 73.
Bf5+ Kc6 74. Be6 Kd6 75. Bf7 Bg4 76. Ke8 Bh3 77. Kd8 Bg4 78. Be8 Bf5 79. Bh5
Bh3 80. Bf3 Bf5 81. Bg2 1/2-1/2

[Event "Bad Woerishofen op"]
[Site "?"]
[Date "2006.03.25"]
[Round "9"]
[White "Graf, Christian"]
[Black "Tscharotschkin, Michael"]
[Result "1/2-1/2"]
[WhiteElo "2156"]
[BlackElo "2227"]
[PlyCount "79"]
[EventDate "2006.??.??"]

1. e4 c5 2. c3 Nf6 3. e5 Nd5 4. d4 cxd4 5. cxd4 d6 6. Nf3 Nc6 7. Bc4 Nb6 8. Bb5
dxe5 9. Nxe5 Bd7 10. Nc3 e6 11. Bxc6 Bxc6 12. Nxc6 bxc6 13. O-O Be7 14. Be3 O-O
15. Rc1 Qd7 16. Qe2 Rfd8 17. Rfd1 a5 18. Qc2 Nd5 19. Na4 Ra6 20. Nc5 Bxc5 21.
Qxc5 Rb8 22. b3 h6 23. h3 a4 24. Qc4 Qc8 25. bxa4 Rb4 26. Qc5 Raxa4 27. Rd2 Qa8
28. Qxc6 Rxa2 29. Rxa2 Qxa2 30. Qe8+ Kh7 31. Qxf7 Nxe3 32. fxe3 Qd2 33. Rc8
Qxe3+ 34. Kh2 Rxd4 35. Qg8+ Kg6 36. Qe8+ Kh7 37. Qg8+ Kg6 38. Qe8+ Kg5 39. Qe7+
Kg6 40. Qe8+ 1/2-1/2

[Event "Bad Woerishofen op"]
[Site "?"]
[Date "2006.03.25"]
[Round "9"]
[White "Eingorn, Viacheslav"]
[Black "Kveinys, Aloyzas"]
[Result "1-0"]
[WhiteElo "2595"]
[BlackElo "2517"]
[PlyCount "107"]
[EventDate "2006.??.??"]

1. Nf3 d5 2. c4 e6 3. d4 Nf6 4. Nc3 Be7 5. Qc2 O-O 6. Bg5 Nbd7 7. Rd1 dxc4 8.
e4 Nb6 9. Be2 Nfd5 10. Bxe7 Nxe7 11. Ne5 Ng6 12. Nxc4 Nxc4 13. Bxc4 e5 14. dxe5
Qg5 15. O-O Nxe5 16. f4 Qe7 17. Bb3 Qc5+ 18. Qf2 Qxf2+ 19. Rxf2 Ng4 20. Rf3 Be6
21. h3 Nh6 22. Rfd3 c5 23. Rd6 Bxb3 24. axb3 f6 25. Rd7 Rf7 26. Kf2 Re8 27. Kf3
Re6 28. Rd8+ Rf8 29. R1d6 Rxd6 30. Rxd6 g5 31. Nd5 Kg7 32. Nc7 Rc8 33. Ne6+ Kg8
34. Rd7 Nf7 35. Rxb7 gxf4 36. Kxf4 Nd8 37. Rg7+ Kh8 38. Re7 Nxe6+ 39. Rxe6 Rb8
40. Kf5 Rxb3 41. Kxf6 h5 42. g4 hxg4 43. Kg6 Rb8 44. hxg4 Rg8+ 45. Kh5 Rb8 46.
g5 Rxb2 47. Rc6 Rb8 48. Rxc5 Ra8 49. Ra5 a6 50. Kg6 Kg8 51. e5 Kf8 52. Kh6 Ke7
53. Kh7 Ra7 54. g6 1-0

[Event "Bad Woerishofen op"]
[Site "?"]
[Date "2006.03.25"]
[Round "9"]
[White "Roeder, Mathias"]
[Black "Heika, Martin"]
[Result "1/2-1/2"]
[WhiteElo "2400"]
[BlackElo "2357"]
[PlyCount "95"]
[EventDate "2006.??.??"]

1. Nf3 Nf6 2. c4 e6 3. b3 d5 4. Bb2 Be7 5. g3 O-O 6. Bg2 c5 7. e3 Nc6 8. O-O b6
9. Qe2 Bb7 10. Rd1 Qc7 11. Nc3 Rad8 12. cxd5 exd5 13. d4 Rfe8 14. Rac1 Nb4 15.
Ne5 cxd4 16. exd4 Qb8 17. Qf3 Bd6 18. a3 Nc6 19. Nxc6 Bxc6 20. Qd3 Qb7 21. Bf1
Ne4 22. Na2 Bd7 23. f3 Ng5 24. Rc3 h6 25. Kf2 Re6 26. Bc1 Rde8 27. Nb4 a5 28.
Qa6 Qxa6 29. Nxa6 Rc8 30. Rxc8+ Bxc8 31. h4 Nh7 32. b4 Rg6 33. Bf4 Bxf4 34.
gxf4 Rc6 35. bxa5 Rc2+ 36. Ke3 bxa5 37. Nc5 Nf8 38. Bd3 Ra2 39. a4 Ra3 40. Rb1
Bd7 41. Nxd7 Nxd7 42. Rb7 Nf8 43. Rb5 Rxa4 44. Rxd5 g6 45. f5 gxf5 46. Bxf5 Kg7
47. Rd6 Ra1 48. Ra6 1/2-1/2

[Event "Bad Woerishofenop"]
[Site "?"]
[Date "2006.03.25"]
[Round "9"]
[White "Pirrot, Dieter"]
[Black "Schlawin, Marlon"]
[Result "1-0"]
[WhiteElo "2408"]
[BlackElo "2301"]
[PlyCount "57"]
[EventDate "2006.??.??"]

1. e4 e6 2. d4 d5 3. e5 c5 4. c3 Nc6 5. Nf3 Bd7 6. Bd3 Rc8 7. dxc5 Bxc5 8. O-O
Nge7 9. b4 Bb6 10. b5 Na5 11. a4 Nc4 12. Nbd2 Nxd2 13. Bxd2 Ng6 14. Rc1 Bc7 15.
Bxg6 hxg6 16. c4 dxc4 17. Rxc4 Bb6 18. Bg5 Rxc4 19. Bxd8 Bxd8 20. Qd6 Bc7 21.
Qa3 b6 22. Rd1 Rc5 23. Ng5 Bxe5 24. Ne4 Bxh2+ 25. Kf1 Rc7 26. g3 e5 27. Qd6 Kd8
28. Qd5 Re8 29. Kg2 1-0

[Event "Bad Woerishofen op"]
[Site "?"]
[Date "2006.03.25"]
[Round "9"]
[White "Siebrecht, Sebastian"]
[Black "Tauber, Manfred"]
[Result "1-0"]
[WhiteElo "2429"]
[BlackElo "2259"]
[PlyCount "99"]
[EventDate "2006.??.??"]

1. d4 Nf6 2. Nf3 e6 3. g3 b6 4. Bg2 Bb7 5. O-O Be7 6. c4 O-O 7. Nc3 Ne4 8. Qc2
Nxc3 9. Qxc3 Be4 10. Rd1 d6 11. Bh3 Nd7 12. Nd2 Bb7 13. e4 Bf6 14. Qd3 a5 15.
b3 a4 16. Bb2 Re8 17. b4 e5 18. d5 Bc8 19. Bg2 g6 20. Rac1 Bg7 21. Ba3 Rf8 22.
c5 bxc5 23. bxc5 Ba6 24. Qc2 Nxc5 25. Bxc5 dxc5 26. Qxc5 Bh6 27. Bf1 Bxf1 28.
Kxf1 Qd7 29. Kg2 Rfc8 30. Rc2 Qg4 31. f3 Qg5 32. h4 Qf6 33. Nc4 Bf8 34. Qe3 Qe7
35. Rdc1 Rcb8 36. Qc3 Bg7 37. Na5 Rb6 38. Qd2 Qb4 39. Qxb4 Rxb4 40. Nc6 Rb7 41.
Ne7+ Kf8 42. Rxc7 Rb2+ 43. Kh3 Bf6 44. d6 Rd8 45. Rd1 Rxa2 46. Nc6 Ra8 47. d7
Kg7 48. d8=Q Bxd8 49. Nxd8 Rf2 50. Nxf7 1-0

[Event "Bad Woerishofen op"]
[Site "?"]
[Date "2006.03.25"]
[Round "9"]
[White "Lupor, Andre"]
[Black "Skembris, Spyridon"]
[Result "0-1"]
[WhiteElo "2284"]
[BlackElo "2451"]
[PlyCount "140"]
[EventDate "2006.??.??"]

1. d4 Nf6 2. Nc3 d5 3. Bg5 Nbd7 4. e3 c6 5. f4 Qb6 6. Rb1 h6 7. Bh4 Qc7 8. Nf3
g5 9. fxg5 hxg5 10. Bxg5 Bh6 11. Bxh6 Rxh6 12. Bd3 Ng4 13. Qd2 Nxh2 14. Rxh2
Rxh2 15. Nxh2 Qxh2 16. Qf2 Nf6 17. Kd2 Bh3 18. Bf1 Bd7 19. Qf4 Qxf4 20. exf4
Bf5 21. Bd3 Bxd3 22. Kxd3 Kd7 23. Rg1 Rg8 24. Ke3 Ng4+ 25. Kf3 f5 26. Rh1 Nf6
27. Nd1 Ne4 28. Ne3 Rg3+ 29. Ke2 Rg7 30. Rh8 e6 31. Ra8 a6 32. Rh8 c5 33. c3
cxd4 34. cxd4 Rg6 35. Rh7+ Kc6 36. Re7 a5 37. a4 b5 38. axb5+ Kxb5 39. Rb7+ Kc6
40. Rb8 Nd6 41. b3 Nb5 42. Kd3 Rg3 43. Re8 Nc7 44. Rh8 Na6 45. Rh6 Nc7 46. Rh8
Rg6 47. Kd2 Kb7 48. Kd3 Na6 49. Kd2 Nb4 50. Re8 Nc6 51. Kd3 Kc7 52. Rh8 Kb6 53.
Rh7 Nb4+ 54. Kd2 Kb5 55. Rb7+ Kc6 56. Ra7 e5 57. dxe5 d4 58. Nc4 Rxg2+ 59. Kc1
a4 60. Rxa4 Na2+ 61. Rxa2 Rxa2 62. Nd6 Rf2 63. Nxf5 Rxf4 64. Ne7+ Kc5 65. Kd2
Rf3 66. Ng6 Kd5 67. b4 Rb3 68. Kc2 Rg3 69. Ne7+ Ke6 70. Nc6 Rc3+ 0-1